Quick Pick: Literary Couples Quiz Stats

 Plays Quiz Updated Jun 2, 2016

Challenge
Share
Tweet
Embed
Score 0/12 Timer 01:00
1 Play Today
% Correct
Juliet Capulet
95%
Hermione Granger
91.3%
Scarlett O'Hara
84.1%
Katniss Everdeen
81.7%
Isolde
75.9%
Elizabeth Bennet
74.6%
Daenerys Targaryen
73.8%
Jane Eyre
70.9%
Arwen Undomiel
69.1%
Celeste
64.9%
Beatrice Prior
61.6%
Medea
60.7%

Today's Daily Dose

You're not logged in!

Compare scores with friends on all Sporcle quizzes.
OR
Log In

You Might Also Like...

Show Comments

Extras

Top Quizzes Today


Score Distribution

Your Account Isn't Verified!

In order to create a playlist on Sporcle, you need to verify the email address you used during registration. Go to your Sporcle Settings to finish the process.

Report this User

Report this user for behavior that violates our Community Guidelines.

Details: